How can Indian SSEs meet the challenge of globalization (Record no. 60492)

MARC details
000 -LEADER
fixed length control field 00354nam a2200133Ia 4500
100 ## - MAIN ENTRY--AUTHOR NAME
Personal name Jain Sudhir K
245 #0 - TITLE STATEMENT
Title How can Indian SSEs meet the challenge of globalization
260 ## - PUBLICATION, DISTRIBUTION, ETC. (IMPRINT)
Name of publisher Indian Rubber and Plastics Age
Year of publication 2003
300 ## - PHYSICAL DESCRIPTION
Number of Pages 23-27
650 ## - SUBJECT ADDED ENTRY--TOPICAL TERM
Topical Term Globalization
650 ## - SUBJECT ADDED ENTRY--TOPICAL TERM
Topical Term WTO
942 ## - ADDED ENTRY ELEMENTS (KOHA)
Koha item type Journals
Holdings
Withdrawn status Lost status Damaged status Not for loan Home library Current library Shelving location Date acquired Serial Enumeration / chronology Koha item type
      Journals RRII Library RRII Library Agricultural economics 17/12/2021 Volume 39, Issue 02-Jan Journals